[Event "Niederbayernliga 1011"]
[Site "Germany"]
[Date "2010.10.24"]
[Round "2.8"]
[White "Poppe, Bernd"]
[Black "Danzer, Walter"]
[Result "1-0"]
[WhiteElo "1600"]
[BlackElo "1407"]
[PlyCount "61"]
[EventDate "2010.10.10"]
[EventType "team-tourn"]
[EventRounds "9"]
[EventCountry "GER"]
[SourceTitle "EXT 2012"]
[Source "ChessBase"]
[SourceDate "2011.11.24"]
[SourceVersion "1"]
[SourceVersionDate "2011.11.24"]
[SourceQuality "1"]
[WhiteTeam "Aham"]
[BlackTeam "Simbach"]
[WhiteTeamCountry "GER"]
[BlackTeamCountry "GER"]

1. d4 d5 2. c4 dxc4 3. e3 e6 4. Bxc4 Nf6 5. Nc3 Nc6 6. Nf3 Bb4 7. 0-0 Bxc3 8. bxc3 0-0 9. Qc2 Re8 10. e4 e5 11. Ng5 Rf8 12. Ba3 Ng4 13. Bxf8 Qxg5 14. Bc5 Qh4 15. h3 Nf6 16. Qd3 Nh5 17. Kh2 Nf4 18. Qg3 Qh6 19. d5 Na5 20. Bb3 Ne2 21. Qe3 Nf4 22. Rad1 Qg6 23. Qf3 b6 24. Be3 Ba6 25. Bxf4 Bxf1 26. Bxe5 Bc4 27. d6 cxd6 28. Rxd6 Qg5 29. Bf4 Qe7 30. e5 Bxb3 31. Qxa8+ 1-0